Kraje Afrykańskie z najwyższym PKB - Statystyki

Ogólne statystyki
  • Ten quiz został rozwiązany 104 razy
  • Średni wynik to 6 z 10
Statystyki odpowiedzi
PKB Państwa % Poprawnych
5121$ Republika Południowej Afryki
97%
4028$ Egipt
96%
3815$ Algieria
88%
4047$ Libia
67%
14087$ Seszele
63%
4084$ Namibia
47%
6856$ Gabon
46%
6526$ Botswana
43%
9061$ Mauritius
42%
6778$ Gwinea Równikowa
39%
Nie znaleziono quizów pasujących do podanych kryteriów
Rozkład punktacji
Procent ludzi z każdym wynikiem
Percentyl według liczby udzielonych odpowiedzi
Twoja historia wyników
Nie rozwiązałeś tego quizu